Ekonomická kriminalita a forenzný audit bakalárska práca

Gespeichert in:
Bibliographische Detailangaben
1. Verfasser: Brišová, Adriána
Körperschaft: Národohospodárska fakulta EU. Katedra financií
Weitere Verfasser: Staríčková, Zuzana
Format: Buch
Sprache:Slowakisch
Veröffentlicht: Bratislava 2017
Tags: Tag hinzufügen
Keine Tags, Fügen Sie das erste Tag hinzu!

MARC

LEADER 00000nbm a2200000 4500
001 0235345
005 20171107094338.6
041 0 |a slo 
044 |a SK 
245 1 0 |a Ekonomická kriminalita a forenzný audit  |b bakalárska práca  |c Adriána Brišová ; školiteľ: Zuzana Staríčková 
264 1 |a Bratislava  |c 2017 
300 |a 38 s. 
100 1 |a Brišová, Adriána 
700 1 |a Staríčková, Zuzana 
710 2 |a Národohospodárska fakulta EU. Katedra financií